<?xml version="1.0" encoding="UTF-8"?>
<record
    xmlns:xsi="http://www.w3.org/2001/XMLSchema-instance"
    xsi:schemaLocation="http://www.loc.gov/MARC21/slim http://www.loc.gov/standards/marcxml/schema/MARC21slim.xsd"
    xmlns="http://www.loc.gov/MARC21/slim">

  <leader>04561cam a2200325   4500500</leader>
  <controlfield tag="005">20260517000331.0</controlfield>
  <datafield tag="041" ind1=" " ind2=" ">
    <subfield code="a">fre</subfield>
  </datafield>
  <datafield tag="042" ind1=" " ind2=" ">
    <subfield code="a">dc</subfield>
  </datafield>
  <datafield tag="100" ind1="1" ind2="0">
    <subfield code="a">Amazian, Kamelia</subfield>
    <subfield code="e">author</subfield>
  </datafield>
  <datafield tag="700" ind1="1" ind2="0">
    <subfield code="a">Toughrai, Imane</subfield>
    <subfield code="e">author</subfield>
  </datafield>
  <datafield tag="700" ind1="1" ind2="0">
    <subfield code="a">Benmansour, Najib</subfield>
    <subfield code="e">author</subfield>
  </datafield>
  <datafield tag="700" ind1="1" ind2="0">
    <subfield code="a">Ait Laalim, Said</subfield>
    <subfield code="e">author</subfield>
  </datafield>
  <datafield tag="700" ind1="1" ind2="0">
    <subfield code="a">El Amine El Alami, Mohamed</subfield>
    <subfield code="e">author</subfield>
  </datafield>
  <datafield tag="700" ind1="1" ind2="0">
    <subfield code="a">Mazaz, Khalid</subfield>
    <subfield code="e">author</subfield>
  </datafield>
  <datafield tag="245" ind1="0" ind2="0">
    <subfield code="a">Enqu&#xEA;te de satisfaction des patients atteints de cancer dans&#xA0;un h&#xF4;pital universitaire au Maroc</subfield>
  </datafield>
  <datafield tag="260" ind1=" " ind2=" ">
    <subfield code="c">2013.
							</subfield>
  </datafield>
  <datafield tag="500" ind1=" " ind2=" ">
    <subfield code="a">48</subfield>
  </datafield>
  <datafield tag="520" ind1=" " ind2=" ">
    <subfield code="a">Objectifs&#x2008;: l&#x2019;&#xE9;valuation de la satisfaction des patients permet l&#x2019;orientation de la strat&#xE9;gie de l&#x2019;h&#xF4;pital quant &#xE0; la prise en charge optimale de ses patients. L&#x2019;objectif de ce travail &#xE9;tait d&#x2019;&#xE9;valuer la satisfaction des patients canc&#xE9;reux, hospitalis&#xE9;s au CHU de F&#xE8;s, &#xE9;tudier les diff&#xE9;rentes composantes de cette satisfaction et int&#xE9;grer le patient dans la politique d&#x2019;am&#xE9;lioration de la qualit&#xE9; des soins. M&#xE9;thodes&#x2008;: une &#xE9;tude prospective d&#x2019;&#xE9;valuation a &#xE9;t&#xE9; men&#xE9;e dans deux services volontaires du CHU. Un questionnaire anonyme et standardis&#xE9; a &#xE9;t&#xE9; administr&#xE9; aux patients hospitalis&#xE9;s pour une chirurgie carcinologique ou une prise en charge li&#xE9;e au cancer. R&#xE9;sultats&#x2008;: les patients se d&#xE9;clarant tr&#xE8;s satisfaits de leur hospitalisation regroupent 87,1&#x2008;% de la population &#xE9;tudi&#xE9;e, alors que 12,9&#x2008;% ont jug&#xE9; leur s&#xE9;jour acceptable. L&#x2019;hospitalisation dans l&#x2019;&#xE9;tablissement serait recommand&#xE9;e &#xE0; leurs proches par 98,4&#x2008;% d&#x2019;entre eux. En revanche, 67,2&#x2008;% des patients interrog&#xE9;s ont estim&#xE9; le co&#xFB;t de leur s&#xE9;jour trop cher. Conclusion&#x2008;: la majorit&#xE9; des items ont &#xE9;t&#xE9; d&#xE9;clar&#xE9;s &#xAB;&#x2008;tr&#xE8;s satisfaisants&#x2008;&#xBB; par les patients. Ils repr&#xE9;sentent un challenge &#xE0; maintenir dans l&#x2019;avenir&#x2008;: l&#x2019;accueil dans le service, le confort h&#xF4;telier, le comportement du personnel soignant et non soignant, la disponibilit&#xE9; du personnel soignant, la relation confiance m&#xE9;decin-patient, le respect du patient, les explications fournies concernant le probl&#xE8;me de sant&#xE9; et les traitements, le soutien psychologique et la prise en charge de la douleur.Pour les items jug&#xE9;s moins satisfaisants, des recommandations pourraient en d&#xE9;couler au niveau de l&#x2019;accueil au bureau des admissions, dans les formalit&#xE9;s administratives, les informations concernant la sortie, la qualit&#xE9; des repas, le d&#xE9;veloppement des activit&#xE9;s de nursing et les conseils fournis sur le r&#xE9;gime alimentaire.</subfield>
  </datafield>
  <datafield tag="520" ind1=" " ind2=" ">
    <subfield code="a">Cancer patient satisfaction survey in a Moroccan university hospital Objectives: Assessment of patient satisfaction helps to guide hospital strategies concerning optimal patient management. The objective of this study was to evaluate the satisfaction of cancer patients hospitalised at Fez university hospital, to study the various components of satisfaction and to integrate the patient in quality of care improvement policies. Methods: A prospective study was conducted in two voluntary wards of the hospital. An anonymous standardized questionnaire was administered to patients hospitalised for cancer surgery or treatment. Results: 87.1% of patients reported that they were very satisfied with their hospitalisation, while 12.9% rated their stay as acceptable. 98.4% would recommend the hospital to their relatives. In contrast, 67.2% of patients surveyed considered that the cost of their stay was too expensive. Conclusion: The majority of items were declared as &#x201C;Very satisfactory&#x201D; by the patients. They represent a challenge to be maintained in the future: ward reception, comfortable accommodation, the behaviour and availability of staff, the doctor-patient relationship, respect for patient, the explanations provided concerning the health problem and treatment, psychological support and pain management.For items reported to be less satisfactory, recommendations should be implemented concerning the admissions office, administrative formalities on admission, the information provided at the time of discharge, quality of meals, development of nursing skills and dietary advice.</subfield>
  </datafield>
  <datafield tag="690" ind1=" " ind2=" ">
    <subfield code="a">&#xE9;valuation</subfield>
  </datafield>
  <datafield tag="690" ind1=" " ind2=" ">
    <subfield code="a">qualit&#xE9; des soins</subfield>
  </datafield>
  <datafield tag="690" ind1=" " ind2=" ">
    <subfield code="a">satisfaction du patient</subfield>
  </datafield>
  <datafield tag="690" ind1=" " ind2=" ">
    <subfield code="a">tumeurs</subfield>
  </datafield>
  <datafield tag="690" ind1=" " ind2=" ">
    <subfield code="a">assessment</subfield>
  </datafield>
  <datafield tag="690" ind1=" " ind2=" ">
    <subfield code="a">neoplasms</subfield>
  </datafield>
  <datafield tag="690" ind1=" " ind2=" ">
    <subfield code="a">patient satisfaction</subfield>
  </datafield>
  <datafield tag="690" ind1=" " ind2=" ">
    <subfield code="a">quality of health care</subfield>
  </datafield>
  <datafield tag="786" ind1="0" ind2=" ">
    <subfield code="n">Sant&#xE9; Publique | 25 | 5 | 2013-10-01 | p. 627-632 | 0995-3914</subfield>
  </datafield>
  <datafield tag="856" ind1="4" ind2="1">
    <subfield code="u">https://stm.cairn.info/revue-sante-publique-2013-5-page-627?lang=fr&amp;redirect-ssocas=7080</subfield>
  </datafield>
  <datafield tag="999" ind1=" " ind2=" ">
    <subfield code="c">2231376</subfield>
    <subfield code="d">2231376</subfield>
  </datafield>
</record>
